Languages With the Most Speakers - Statistics

General Stats
  • This quiz has been taken 52 times
  • The average score is 10 of 15
Answer Stats
Question Answer % Correct
Cantonese or Mandarin?
100%
Danish or Swedish?
100%
French or Italian?
100%
Portuguese or Spanish?
93%
Bengali or Russian?
80%
Māori or Quechua?
80%
Galician or Basque?
67%
Tok Pisin or Australian?
67%
Navajo or Hawaiian?
67%
Greenlandic or Faroese?
47%
Amharic or Oromo?
47%
Arabic or Hindi?
40%
Guernésiais or Jèrriais?
40%
Maltese or Luxembourgish?
27%
Romansh or Ladin?
27%
No matching quizzes found
Score Distribution
Percent of People with Each Score
Percentile by Number Answered
Your Score History
You have not taken this quiz